000 02916nam a2200409 i 4500
001 141755
003 FINmELB
005 20241217181621.0
006 m o u
007 cr cn|||||||||
008 220224s2020 ag o 000 0 spa d
020 _z9789878331461
035 _a(OCoLC)1304902367
040 _aFINmELB
_bspa
_erda
_cFINmELB
050 4 _aBD111
_b.M869 2020
082 0 4 _a110
_223
100 1 _aMuñoz, Felix,
_eautor.
245 1 0 _aMetafísica de la conciencia y el hábitat /
_cFelix Muñoz.
264 1 _aBuenos Aires :
_bPrometeo Libros,
_c2020.
300 _a1 recurso en línea (296 páginas)
336 _atexto
_btxt
_2rdacontent/spa
337 _acomputadora
_bc
_2rdamedia/spa
338 _arecurso en línea
_bcr
_2rdacarrier/spa
505 0 _aPÁGINA LEGAL -- ÍNDICE -- INTRODUCCIÓN -- LIBRO I LA RELACIÓN ENTRE EL HOMBRE Y SU ENTORNO -- 1. EVOLUCIÓN DEL PENSAMIENTO HUMANO -- 2. ÉTICA Y MEDIO AMBIENTE -- 3. LÍMITES HUMANOS -- LIBRO II CONOCIMIENTO NATURAL -- 1. LA EVOLUCIÓN -- 2. LA PERCEPCIÓN -- 3. LA CONCIENCIA -- 4. EL TIEMPO -- 5. EL CONOCIMIENTO -- 6. LA ENERGÍA -- 7. LA CREATIVIDAD -- LIBRO III SER EN LA TIERRA -- 1. DERECHOS INNATOS DEL SER HUMANO -- 2. DERECHOS DE LA NATURALEZA -- 3. ÉTICA DE LA COMPETENCIA -- 4. EL RESPETO A LA TIERRA -- 5. EL VALOR DEL MEDIO AMBIENTE -- NOTAS FINALES.
520 _a"Presentes para el presente, búsqueda de buscar. Simple perfección demente, dime ¿Qué es disfrutar?" -- Metafísica de la conciencia y el hábitat comienza con un estudio de los paradigmas en la relación entre el hombre y su entorno, que nos dificultan ver más allá del desarrollo y hoy nos enfrentan a una crisis climática. Y análisis de los límites de las posibles soluciones, incluido el desarrollo sustentable. Luego da paso a una nueva metafísica. A partir de la conciencia, aquí y ahora, se responde qué hay ahí, cuáles son los misterios: percepción, flujo y voluntad, en definitiva, uno, el amor entendido como creatividad. Finalmente, se ofrece la ética, la forma natural de ser humanos, la sana competencia y los derechos de la Tierra. Y también la técnica, en la forma de un método integral para valorar la naturaleza según sus propias prioridades: la evolución. Se revisa el pasado, se observa el presente, se invita al futuro.
588 _aDescripción basada en metadatos suministrados por el editor y otras fuentes.
590 _aRecurso electrónico. Santa Fe, Arg.: elibro, 2022. Disponible vía World Wide Web. El acceso puede estar limitado para las bibliotecas afiliadas a elibro.
650 0 _aEnvironment.
650 0 _aEssay.
650 0 _aMetaphysics.
650 4 _aMetafísica.
650 4 _aMedio ambiente.
650 4 _aEnsayo filosófico.
655 4 _aLibros electrónicos.
797 2 _aelibro, Corp.
856 4 0 _uhttps://elibro.net/ereader/politecnicointernacional/188183
999 _c141755
_d141755